| 000 | 00000nam 2200000za 4500 |
| 001 | 9.800647 |
| 003 | CaOODSP |
| 005 | 20250303104651 |
| 007 | cr ||||||||||| |
| 008 | 150420s1962 xxca |s f000 0 eng d |
| 040 | |aCaOODSP|beng |
| 043 | |an-cn--bc |
| 086 | |aA43-938/1962E-PDF |
| 100 | 1 |aFulton, H. G. |
| 245 | 14|aThe tuber flea beetle in British Columbia |h[electronic resource] / |cH.G. Fulton and F.L. Banham. |
| 250 | |aRev. |
| 260 | |aOttawa :|bDepartment of Agriculture,|c1962. |
| 300 | |a6, [1] p. :|bill. |
| 500 | |aOriginally published: 1955. |
| 500 | |aHistorical publication digitized by Agriculture and Agri-Food Canada. |
| 692 | 07|2gccst|aPests |
| 692 | 07|2gccst|aInsects |
| 700 | 1 |aBanham, F. L. |
| 710 | 1 |aCanada. |bDepartment of Agriculture. |
| 856 | 40|qPDF|s710 KB|uhttps://publications.gc.ca/collections/collection_2015/aac-aafc/A43-938-1962-eng.pdf |
| 986 | |aPublication 938 |